00569nam a22001697a 450000500170000001000150001702000260003203500130005803700130007108200140008424500780009825000110017626000310018727000830021830000260030150000720032720140922122422.0 aENG-110893 a9789351431824c995.00 aEN-94425 bDBAD/PUB a346.54066 aLexisNexis the companies act, 2013 (Act 18 of 2013) with rules and forms  a2nd ed aGurgaonbLexis Nexisc2014 a14th Floor, Building No.10, Tower-B, DLF Cyber City, Phase-IIbGurgaone122002 aix,1693p. c24cm(pbk) aKey highlights and quick reference tables prepared by Vinod Kothari